Trombinoscope - Les Visages de la Science - Statistiques

Statistiques générales
  • Ce quiz a été pris 380 fois
    41 depuis la dernière actualisation
  • Le résultat moyen est 13 sur 49
Statistiques - réponses
Hint Extra Hint Réponse % Correct
Albert Einstein Père de la théorie de la relativité et contributeur majeur à la physique moderne
81%
Marie Curie A découvert le polonium et le radium, deux éléments chimiques radioactifs
77%
Stephen William Hawking A conduit des recherches sur les trous noirs et la cosmologie
68%
Léonard de Vinci Précurseur de la méthode scientifique fondée sur l'hypothèse, l'observation et l'expérimentation
65%
Nikola Tesla A permis l'adoption du courant électrique alternatif
58%
Ada Lovelace Pionnière de la science informatique, elle est à l'origine du premier programme informatique
58%
René Descartes Père du rationalisme moderne, il a inventé le système de coordonnées cartésiennes
55%
Charles Darwin A énoncé les théories de l'évolution et de la sélection naturelle
48%
Rosalind Franklin A contribué à la découverte de la structure hélicoïdale de l'ADN
45%
Isaac Newton Fondateur de la mécanique classique, il a énoncé la loi relative à la gravitation universelle
45%
Tim Berners-Lee A inventé le World Wide Web
42%
Thalès A énoncé le fameux théorème de Thalès
39%
Thomas Edison Fondateur de General Electric, il a perfectionné le modèle déjà existant d'ampoule électrique
35%
Louis Pasteur Pionnier de la microbiologie, il a mis au point le vaccin contre la rage
35%
Aristote Père de la logique et de la métaphysique
35%
Benjamin Franklin A inventé le paratonnerre
35%
Nicolas Copernic A développé et défendu la théorie de l'héliocentrisme, selon laquelle la Terre tourne autour du Soleil
35%
Alan Turing Inventeur de l'ordinateur et pionnier de l'intelligence artificielle
32%
Blaise Pascal A inventé la première machine à calculer (la Pascaline)
26%
Carl Friedrich Gauss Contributeur majeur à l'algèbre et la géométrie, il est surnommé "le Prince des Mathématiciens"
26%
Antoine Lavoisier Un des pères de la chimie moderne
23%
Dmitri Mendeleïev A établi la classification périodique des éléments
23%
Niels Bohr A proposé un modèle révolutionnaire sur la structure des atomes
23%
Galilée Père de l'astronomie moderne et pionnier des observations au télescope
23%
Archimède Père de la mécanique statique, et auteur du "principe d'Archimède"
19%
Max Planck Fondateur de la mécanique quantique, il a introduit la notion de quanta d'énergie
19%
Pythagore A énoncé le fameux théorème de Pythagore
19%
Johannes Gutenberg A inventé l'imprimerie
19%
Richard Feynman A réalisé des travaux sur l'électrodynamique quantique, les quarks et l'hélium superfluide
16%
Johannes Kepler A découvert les trois lois qui régissent le mouvement des planètes
13%
James Clerk Maxwell Pionnier de la physique statistique et de l'électromagnétisme
13%
Michael Faraday Pionnier de l'électromagnétisme
13%
Alessandro Volta A inventé la première pile électrique (la pile voltaïque)
13%
Alexander Graham Bell A inventé le téléphone
13%
Euclide Fondateur de la géométrie euclidienne, il a également introduit la division euclidienne
13%
Erwin Schrödinger Père fondateur de la mécanique quantique, il a imaginé l'expérience du "Chat de Schrödinger"
13%
Leonhard Euler Contributeur majeur à l'analyse moderne et à de nombreux domaines des mathématiques
10%
Alexander Fleming A découvert la pénicilline
10%
Werner Heisenberg A mis en évidence le principe d’incertitude en mécanique quantique
10%
James Watt A perfectionné le modèle déjà existant de machine à vapeur
10%
Gregor Mendel Père de la génétique et des lois sur l'hérédité
10%
Enrico Fermi A créé le tout premier réacteur nucléaire
10%
Carl von Linné A établi la classification binomiale des espèces
10%
Hippocrate Père de la médecine
10%
Daniel Gabriel Fahrenheit A inventé le thermomètre à mercure moderne
6%
Daniel Bernoulli Un des fondateurs de l'hydrodynamique, et auteur du "théorème de Bernoulli"
6%
Robert Hooke A énoncé la loi de l’élasticité, et a publié un livre illustrant ses observations faites au microscope
6%
André-Marie Ampère Fondateur de l'électromagnétisme
6%
Robert Boyle Un des pères de la chimie moderne
6%
Aucun quiz correspondant
Distribution des résultats
% des personnes avec chaque résultat
Percentile par nombre de réponses
Votre historique - résultats
Vous n’avez pas pris ce quiz depuis la dernière actualisation